Diffrential Calculas (Record no. 1150)

MARC details
000 -LEADER
fixed length control field 00452nam a22001817a 4500
005 - DATE AND TIME OF LATEST TRANSACTION
control field 20180519153735.0
008 - FIXED-LENGTH DATA ELEMENTS--GENERAL INFORMATION
fixed length control field 160520b xxu||||| |||| 00| 0 eng d
020 ## - INTERNATIONAL STANDARD BOOK NUMBER
ISBN 81-219-0471-4
041 ## - LANGUAGE CODE
Language code of text/sound track or separate title eng
082 ## - DEWEY DECIMAL CLASSIFICATION NUMBER
Classification number 515.33
100 ## - MAIN ENTRY--AUTHOR NAME
Personal name Narayan S & Mittal P.K.
245 ## - TITLE STATEMENT
Title Diffrential Calculas
250 ## - EDITION STATEMENT
Edition statement Rev Ed
260 ## - PUBLICATION, DISTRIBUTION, ETC. (IMPRINT)
Place of publication New Delhi
Name of publisher Sultan Chand & Sons.
Year of publication 1942
300 ## - PHYSICAL DESCRIPTION
Number of Pages 572
650 ## - SUBJECT ADDED ENTRY--TOPICAL TERM
Topical Term Information Technology
942 ## - ADDED ENTRY ELEMENTS (KOHA)
Koha item type Books
Holdings
Lost status Damaged status Collection code Home library Current library Shelving location Date acquired Cost, normal purchase price Full call number Accession Number Koha item type
    CS/IT JRU Library   SHELF-57-C 20/05/2016 265.00 515.33 3351 Books
    CS/IT JRU Library   SHELF-57-C 20/05/2016 265.00 515.33 3352 Books